Dream machines : BMW

Bibliographic Details
Main Author: Fryatt, Nigel
Format: Book
Published: London : Bison Books , 1990
Subjects:

MARC

LEADER 00000cam a2200000 7i4500
001 0000000156
002 000000215
005 20000330.0
020 |a 0861246144 
090 0 0 |a 629.2222   |b FRY 
100 1 |a Fryatt, Nigel 
245 1 0 |a Dream machines :   |b BMW   |c Nigel Fryatt 
260 |a London :   |b Bison Books ,   |c 1990 
300 |a 112p. :   |b ill. ;   |c 36cm. 
650 0 0 |a BMW automobile 
999 |a 027499   |b BUKU   |c PINJAMAN   |e PERPUSTAKAAN KOMUNITI PETALING JAYA